00467 2200181 4500001002100000005001500021035002000036008004100056245006300097100002600160250000600186260003400192300001100226084001400237082000800251650001400259990001200273INLIS00000000000018820240502114008 a0010-0424000164240502 0 ind 1 aRahasia Semesta : Angin Bermunajat /cMansur Hasbu An Nabi aHasbu An Nabi, Mansur a1 aSolo :bTiga Serangkai,c2004 a44 hlm a200 MAN r a200 4aNon Fiksi a0732466